|
|
|
|
| LEADER |
00000nam0a2200000 4500 |
| 001 |
377829 |
| 005 |
20231101053639.0 |
| 010 |
|
|
|a 5217003529
|
| 035 |
|
|
|a (RuTPU)RU\TPU\retro\35283
|
| 035 |
|
|
|a RU\TPU\book\33590
|
| 090 |
|
|
|a 377829
|
| 100 |
|
|
|a 20230406d1989 m y0rusy50 ca
|
| 101 |
0 |
|
|a rus
|
| 102 |
|
|
|a RU
|
| 105 |
|
|
|a a j 000zy
|
| 200 |
1 |
|
|a Организация, планирование и управление машиностроительным производством
|e учебное пособие
|f Под ред. Б. Н. Родионова
|
| 210 |
|
|
|a Москва
|c Машиностроение
|d 1989
|
| 215 |
|
|
|a 328 с.
|c ил.
|
| 610 |
1 |
|
|a машиностроение
|
| 610 |
1 |
|
|a хозрасчеты
|
| 610 |
1 |
|
|a учебные пособия
|
| 610 |
1 |
|
|a производство
|
| 610 |
1 |
|
|a организация
|
| 610 |
1 |
|
|a планирование
|
| 610 |
1 |
|
|a управление
|
| 610 |
1 |
|
|a продукция
|
| 610 |
1 |
|
|a качество
|
| 675 |
|
|
|a 621.002:658.5(075.8)
|v 3
|
| 702 |
|
1 |
|a Родионов
|b Б. Н.
|g Борис Николаевич
|4 340
|
| 801 |
|
0 |
|a RU
|b 63413507
|c 20011210
|g PSBO
|
| 801 |
|
2 |
|a RU
|b 63413507
|c 20230406
|g PSBO
|
| 900 |
|
|
|a Организация и планирование производства. Основы менеджмента
|
| 942 |
|
|
|c BK
|